000 00672nam a2200253Ia 4500
003 OSt
005 20220928102412.0
006 a|||||r|||| 00| 0
007 ta
008 220927b |||||||| |||| 00| 0 eng d
020 _cIndian Rupees 200
024 _a141321
037 _bGift, 16/12/2019,
_cTextual
040 _aSDCL
_cSDCL
_beng
041 _2eng
_aeng
082 _aO31:g, P0 LR
100 _aAnand
_9398129
245 0 _aVyasa and vighneshwara
260 _aNew Delhi
_bKatha
_c2000
300 _a158p.
_ccm.
650 _aGift
_9391569
942 _hO31:g, P0 LR
_cTEXL
_2CC
999 _c713954
_d713954